000 00637nas a2200217 i 4500
001 1508
003 ES-MaACL
005 20250826065250.0
007 t|
008 950801d18961939fr | | 1 ||re d
245 0 0 _aMusée social.
260 _aParis :
_bArthur Rousseau,
_c1896-1939.
300 _a44 v. ;
_c26 y 29 cm.
310 _aMensual
362 0 _aAño I (1896)-(1939)
500 _aEn ene. de 1902 comienzan a publicarse dos fascículos cada mes : Annales y Mémoires et documents.
650 1 7 _aTrabajo
_2embne
_917590
852 _aES-MaACL
_jHem-337
866 0 _o1899-1913(1914),(1918-23).
999 _c1508
_d1508